| 000 | 00467nam a2200193Ia 4500 | ||
|---|---|---|---|
| 005 | 20240823013930.0 | ||
| 008 | 240823s9999||||xx |||||||||||||| ||und|| | ||
| 020 | _a81-259-1657-1 | ||
| 041 | _aENGLISH | ||
| 082 | _A420 P4 | ||
| 100 | _aVeena Selvam et al. | ||
| 245 | 0 | _aEnglish for Engineering Students | |
| 250 | _a1st | ||
| 260 |
_c2004 _b"Vikas Pub.,New " _aNew Delhi |
||
| 500 | _aTRANSFERED | ||
| 650 |
_aENG _bEnglish |
||
| 942 | _cBK | ||
| 999 |
_c168640 _d168640 |
||